Francouzské reálie

Salvato in:
Dettagli Bibliografici
Autore principale: Vlasák, Václav
Ente Autore: Vysoká škola ekonomická v Praze. Obchodní fakulta
Natura: Libro
Lingua:ceco
Pubblicazione: Praha Státní pedagogické nakladatelství 1982
Edizione:3. přeprac. vyd.
Tags: Aggiungi Tag
Nessun Tag, puoi essere il primo ad aggiungerne!!

MARC

LEADER 00000nam a2200000 4500
001 c133966
005 20190425092820.1
041 0 |a cze 
044 |a CZ 
245 1 0 |a Francouzské reálie  |c Václav Vlasák 
250 |a 3. přeprac. vyd. 
264 1 |a Praha  |b Státní pedagogické nakladatelství  |c 1982 
300 |a 199 s. 
100 1 |a Vlasák, Václav 
710 2 |a Vysoká škola ekonomická v Praze. Obchodní fakulta